000
00296nam a2200121 4500
999
_c
11561
_d
11561
003
OSt
005
20230529190059.0
008
230529b ||||| |||| 00| 0 eng d
020
_a
9783822885963
245
_a
Contemporary European architects vol-iv
260
_a
New York
_b
Taschen
942
_2
ddc